000 00398nam a22001217a 4500
082 _a200 THE
100 _aHAIDER ALI JAVAID
_969657
245 _aTH-SOF-1502-Classification of Hand-Movements using MYO Armband on an Embedded Platform
260 _aIslamabad
_bNust college of EME
_c2018
650 _aMS-MTS-82 MSTHESIS
_969450
700 _aSupervisor DR. MOHSIN ISLAM TIWANA
_969658
942 _cCF
999 _c576850
_d576850